00731nam a22002177a 450000500170000001000130001702000220003003500130005203700160006504000120008108200130009310000240010624501180013026000460024827000440029430000240033850000190036265000700038165000390045170000230049020170124110057.0 aA-353322 c00.00a0712619917 aA-353322 bCen Lib/Ret aDPLbEN a921bSCI aScindia, Vijayaraje aPrincess :cby Vijayaraje Scindia [and] Manohar Malgonkarbthe autobiography of the Dowager Maharani of Gwalior / bTime Books InternationalaNew Delhic1985 aK-27, Kailash ColonybNew Delhie110048 avi,279p. c20cm(Hb) aIncludes index aGwalior (Princely State) -- Princess and princesses -- Biography. a Politicians -- India -- Biography aMalgonkar, Manohar